Movie Titles by Emoji #2 - Statistics

General Stats
  • This quiz has been taken 81 times
  • The average score is 9 of 20
Answer Stats
Hint Year Answer % Correct
πŸ•·οΈπŸ‘¨β€πŸ¦° 2002 Spider-Man
97%
⚫🦒 2010 Black Swan
93%
πŸ‘‘πŸ¦ 1933 King Kong
93%
πŸ¦πŸ‘¨β€πŸ¦° 2014 Birdman
66%
πŸ’΅βšΎ 2011 Moneyball
66%
πŸ’πŸ’πŸ’πŸ’πŸ’πŸ’πŸ’πŸ’πŸ’πŸ’πŸ’πŸ’ 1995 12 Monkeys
64%
πŸ‘¦πŸ”‡πŸœπŸ₯·πŸ’🐒🐒🐒 1990 Teenage Mutant Ninja Turtles
47%
πŸΊπŸ§±πŸ›£οΈ 2013 Wolf of Wall Street
47%
πŸš«β±οΈπŸ’€ 2021 No Time to Die
46%
πŸ‘ΈπŸ‘° 1987 The Princess Bride
45%
πŸ­πŸ­πŸ‘¨β€πŸ¦°πŸ‘¨β€πŸ¦° 1992 Of Mice and Men
41%
βŒšπŸ‘¨β€πŸ¦°πŸ‘¨β€πŸ¦° 2009 Watchmen
41%
🏫πŸͺ¨ 2003 School of Rock
38%
πŸŽπŸ–πŸ¦†πŸ•πŸ  1978 Animal House
34%
β˜οΈπŸŽ²πŸ§† 2009 Cloudy with a Chance of Meatballs
20%
πŸ‘ΏπŸ“°πŸ»πŸ» 1976 Bad News Bears
12%
πŸŒ„πŸ’€ 1978 Dawn of the Dead
11%
πŸ₯›πŸŽ–️πŸ§₯ 1987 Full Metal Jacket
7%
πŸŒ™πŸ’ΉπŸ° 2012 Moonrise Kingdom
4%
πŸ˜‡πŸ‘¨β€πŸ¦°πŸ‘¨β€πŸ¦°πŸ‘¨β€πŸ¦° 1992 A Few Good Men
0%
No matching quizzes found
Score Distribution
Percent of People with Each Score
Percentile by Number Answered
Your Score History
You have not taken this quiz